Statistics for International Borders- Gulfs / Bays / Bights

Click here to take the quiz!

General Stats

  • This quiz has been taken 16 times
    (8 since last reset)
  • The average score is 12 of 23

Answer Stats

Country ACountry BGulf / Bay% Correct
IndiaMyanmarBay of Bengal
100%
FranceSpainBay of Biscay | Gulf of Lion
100%
SomaliaYemenGulf of Aden
100%
GhanaNigeriaBight of Benin
88%
Sinai, EgyptJordanGulf of Aqaba
88%
FinlandSwedenGulf of Bothnia
88%
IranSaudi ArabiaPersian Gulf
88%
MexicoUnited StatesGulf of Mexico
75%
EstoniaFinlandGulf of Finland
63%
IranOmanGulf of Oman
63%
Hainan, ChinaVietnamGulf of Tonkin
63%
New England, United StatesNova Scotia, CanadaGulf of Maine
50%
ThailandVietnamGulf of Thailand
50%
BelizeHondurasGulf of Honduras
38%
Istria, CroatiaItalyGulf of Venice
38%
BahrainSaudi ArabiaGulf of Bahrain
25%
Algarve, PortugalAndalusia, SpainGulf of Cadiz
25%
La Guajira, ColombiaFalcón, VenezuelaGulf of Venezuela
25%
ChinaNorth KoreaKorea Bay
25%
El SalvadorNicaraguaGulf of Fonseca
13%
IndiaSri LankaGulf of Mannar | Palk Bay
13%
Equatorial GuineaNigeriaBight of Bonny
0%
Trinidad & TobagoVenezuelaGulf of Paria
0%

Score Distribution

Percentile by Number Answered

Percent of People with Each Score

Your Score History

You have not taken this quiz since the last reset